000 00508nam a2200181Ia 4500
008 240925s9999 xx 000 0 und d
020 _a201627558
082 _a004.35 HUL
100 _aHull, Marry E
245 0 _aParallel Processing: the transputer and its applications
250 _aNA
260 _aNA
_bNot Available
_c,1994.
300 _axii,328p.
_bNA
_fOriginal
500 _aIncludes Index
600 _aComputer Science
650 _aComputer science, information & general works
942 _cBK
999 _c2588
_d2588